Sai ma' sono trans : come sopravvivere al coming out di un(a) figlio(a) /

Uloženo v:
Podrobná bibliografie
Hlavní autor: Mirò, Emma (Autor)
Médium: Kniha
Jazyk:italština
Vydáno: Milano : Mursia, 2023
Edice:Memoirs
Témata:
Tagy: Přidat tag
Žádné tagy, Buďte první, kdo vytvoří štítek k tomuto záznamu!

MARC

LEADER 00000nam a2200000 i 4500
001 IT\ICCU\CFI\1115979
003 ItRI
005 20260115232102.0
008 231113s2023 it |||||| ||||| |||||c
015 |2 IT  |a 2023-12309 
020 |a 9788842566748 
040 |b ita  |c importazione bologna sebina 
041 7 |a ita  |2 ISO-639-2 
082 |a 306.768092  |9 TRANSESSUALITA. Persone  |2 23 
100 1 |a Mirò, Emma  |0 IT\ICCU\CFIV\370096  |4 aut 
240 1 0 |a Sai ma' sono trans   |3 IT\ICCU\CFI\1115980  |9 Mirò, Emma 
245 1 0 |a Sai ma' sono trans :  |b come sopravvivere al coming out di un(a) figlio(a) /  |c Emma Mirò. 
260 |a Milano :  |b Mursia,  |c 2023 
300 |a 193 p. ;  |c 21 cm 
650 7 |a Transessualismo  |x Memorie  |2 nsbncf 
830 0 |a Memoirs  |0 IT\ICCU\LO1\1169841 
942 |2 ddc  |c BK  |n 0 
952 |0 0  |1 0  |4 0  |6 T_306_874000000000000_MIR  |7 0  |9 19760  |a BO  |b BO  |d 2026-01-15  |i 20469  |l 0  |o T 306.874 MIR  |p BO20469  |r 2026-01-15 23:21:02  |w 2026-01-15  |x [Sebina 5] [1 v.]  |y BK  |z 1 v. 
999 |c 16851  |d 16851